|
|
|
|
| LEADER |
01084naa a2200361 a 4500 |
| 001 |
000000230 |
| 003 |
SVKKK |
| 005 |
20071019090545.0 |
| 008 |
030616c1993 xo e sloo |
| FMT |
|
|
|
| 038 |
|
|
|a SVKKK
|
| 040 |
|
|
|a SVKKK
|b slo
|e AACR2
|
| 041 |
0 |
|
|a slo
|b eng
|
| 044 |
|
|
|a xo
|c SK
|
| 080 |
|
|
|a 552.54
|2 1981
|
| 245 |
0 |
0 |
|a Geologické vyhodnotenie predneogénneho podložia vrtu Závod-93 (Viedenská panva)
|c Bujnovský Alfonz ... [et al.]
|
| 300 |
|
|
|b Obr. 4, tab. 5
|
| 504 |
|
|
|a Res. angl., lit. 10 zázn. v rôz. jaz.
|
| 650 |
0 |
4 |
|a dolomity
|z Viedenská panva
|x vrty
|x prieskumy
|x vyhodnotenie
|x štúdie
|
| 700 |
1 |
|
|a Bujnovský, Alfonz
|4 aut
|
| 700 |
1 |
|
|a Fejdiová, Oľga
|4 aut
|
| 700 |
1 |
|
|a Karoli, Stanislav
|4 aut
|
| 700 |
1 |
|
|a Martinský, Ladislav
|4 aut
|
| 700 |
1 |
|
|a Snopková, Paulína
|4 aut
|
| 773 |
0 |
|
|t Geologické práce
|d Bratislava : Geologický ústav Dionýza Štúra, 1993
|z 0433-4795
|g S. 45-54
|
| 957 |
|
|
|a 5201
|
| 958 |
|
|
|a MS
|
| 958 |
|
|
|a NP
|
| 974 |
|
|
|d 940623
|a 244/51
|
| 992 |
|
|
|a RZB
|
| BAS |
|
|
|
| 852 |
|
|
|a SVKKK
|b BIB
|
| 998 |
|
|
|a GEO
|